The life of Michelangelo Buonarroti, (Record no. 1802)
[ view plain ]
| 000 -LEADER | |
|---|---|
| fixed length control field | 00725nac a22002051u 4500 |
| 010 ## - LIBRARY OF CONGRESS CONTROL NUMBER | |
| LC control number | 29026574 |
| 035 ## - SYSTEM CONTROL NUMBER | |
| System control number | (OCoLC)512464 |
| 082 ## - DEWEY DECIMAL CLASSIFICATION NUMBER | |
| Classification number | 759 |
| Item number | S9881 |
| 090 ## - LOCALLY ASSIGNED LC-TYPE CALL NUMBER (OCLC); LOCAL CALL NUMBER (OCLC) | |
| -- | 1802 |
| -- | 1802 |
| 100 ## - MAIN ENTRY--PERSONAL NAME | |
| Personal name | Symonds, John Addingto |
| 245 04 - TITLE STATEMENT | |
| Title | The life of Michelangelo Buonarroti, |
| Statement of responsibility, etc | by John Addington Symonds. |
| 260 ## - PUBLICATION, DISTRIBUTION, ETC. (IMPRINT) | |
| Place of publication, distribution, etc | New York, |
| Name of publisher, distributor, etc | The Modern library |
| Date of publication, distribution, etc | [1928?] |
| 300 ## - PHYSICAL DESCRIPTION | |
| Extent | viii p., 1 l., 544 p. |
| Dimensions | 17 cm. |
| 490 0# - Series Statement | |
| Series statement | The Modern library of the world's best books |
| 500 ## - GENERAL NOTE | |
| General note | Donations |
| 500 ## - GENERAL NOTE | |
| General note | Donations - Dr. Mostafa Gouda |
| 600 00 - SUBJECT ADDED ENTRY--PERSONAL NAME | |
| Personal name | Michelangelo Buonarroti, |
| Dates associated with a name | 1475-1564. |
| 942 ## - ADDED ENTRY ELEMENTS (KOHA) | |
| Item type | Book - Borrowing |
| Call number prefix | 759S9881 |
| Withdrawn status | Item status | Damaged status | Not for loan | Home library | Current library | Shelving location | Date acquired | Source of acquisition | Total Checkouts | Total Renewals | Full call number | Barcode | Date last seen | Date last borrowed | Koha item type |
|---|---|---|---|---|---|---|---|---|---|---|---|---|---|---|---|
| Central Library | Central Library | Second Floor | 06/12/2014 | Purchase | 1 | 30 | 759 SYM | 000002515 | 15/07/2025 | 28/03/2021 | Book - Borrowing |